England in 1819 : the politics of literary culture and the case of romantic historicism

Αποθηκεύτηκε σε:
Λεπτομέρειες βιβλιογραφικής εγγραφής
Κύριος συγγραφέας: Chandler, James, 1948-
Μορφή: Βιβλίο
Γλώσσα:English
Δημοσίευση: Chicago : University of Chicago Press, 1998.
Θέματα:
Ετικέτες: Προσθήκη ετικέτας
Δεν υπάρχουν, Καταχωρήστε ετικέτα πρώτοι!

MARC

LEADER 00000cam a2200000 i 4500
001 1/80648
008 080407s1998 eng d
020 |a 0-226-10109-6 
035 |l 10096266 
040 |a GR-MY-UA  |b gre  |e aacr 
041 0 |a eng 
082 7 |a 820.9358   |2 (22) 
100 1 |a Chandler, James,   |d 1948- 
245 1 0 |a England in 1819 :   |b the politics of literary culture and the case of romantic historicism /   |c James Chandler. 
260 |a Chicago :   |b University of Chicago Press,   |c 1998. 
300 |a xxii, 584 σ. ;   |c 24 εκ. 
504 |a Περιλαμβάνει βιβλιογραφίες και ευρετήριο. 
650 0 |a English literature  |y 19th century  |x History and criticism. 
651 0 |a Great Britain  |x History  |y 1789-1820. 
650 0 |a Historicism. 
650 0 |a Romanticism  |z Great Britain. 
852 |a INST  |b RHODES  |e 20080407  |h 820.9358 CHA  |p 005400029481  |q 005400029481  |t BK  |y 0 
901 |a BIBL4-2008-1 
922 |a 4ΕΛΗ  |b 200803  |c ΕΠΕΑΕΚ2/ΠΤΔΕ  |d ΕΛΕΥΘΕΡΟΥΔΑΚΗΣ 
970 |a ΜΙΣΣΟΣ  |b ΣΤΑΥΡΟΣ  |z 2008/04/07